Wafat-E-Sarwar-E-Kaainat (Record no. 4077)

MARC details
000 -LEADER
fixed length control field 00583nam a2200241 a 4500
020 ## - INTERNATIONAL STANDARD BOOK NUMBER
ISBN
082 00 - DEWEY DECIMAL CLASSIFICATION NUMBER
Classification number 297.63
Author Cutter SIR
100 ## - MAIN ENTRY--AUTHOR NAME
Author name Sirajul Haqq, Mohd
245 ## - TITLE STATEMENT
Title Wafat-E-Sarwar-E-Kaainat
260 ## - PUBLICATION, DISTRIBUTION, ETC. (IMPRINT)
Place of publication Aazam Garh
Name of publisher Miftahi Academy
Year of publication 1967
300 ## - PHYSICAL DESCRIPTION
Number of Pages 96p
500 ## - GENERAL NOTE
General note includes index and biblioraphy
505 2# - FORMATTED CONTENTS NOTE
Formatted contents note Appendix
650 ## - SUBJECT ADDED ENTRY--TOPICAL TERM
Topical Term Muhammad, Prophet
942 ## - ADDED ENTRY ELEMENTS (KOHA)
Koha item type Books
700 1# -
-- Sirajul Haqq, Mohd
Holdings
Collection code Home library Current library Date acquired Cost, normal purchase price Full call number Accession Number Koha item type
  Henry Martyn Institute Library Henry Martyn Institute Library 07/10/2007 1.25 297.63 SIR 05637 Books
                   Copyright © 2026 | Henry Martyn Institute | Hyderabad | TS-500052 | INDIA | Implemented by hmi.edu.in
Hit-Count:

Powered by Koha